| 000 | 00426nam a2200181Ia 4500 | ||
|---|---|---|---|
| 008 | 210210b1929 xxu||||| |||| 00| 0 eng d | ||
| 041 | _aeng | ||
| 082 | _a821/586 | ||
| 100 | _aSEAMAN (Sir Owen) | ||
| 245 | _aInterludes of an editor | ||
| 260 |
_aCalcutta _bConstatble & Co Ltd. _c1929 |
||
| 650 | _aof | ||
| 650 | _aInterludes | ||
| 650 | _aeditor | ||
| 650 | _aan | ||
| 690 | _aEnglish Literature | ||
| 906 | _a011754 | ||
| 999 |
_c130455 _d130455 |
||